Statystyki dla Odgadnij grę po opisie lokacji.

Kliknij tutaj aby rozwiązać quiz!

Ogólne statystyki

  • Ten quiz został rozwiązany 78 razy
  • Średni wynik to 4 z 15

Statystyki odpowiedzi

HintOdpowiedź% Poprawnych
Świat składa się z sześcianów, ma dwa wymiary: Nether
i End.
Minecraft
80%
Akcja toczy się na 'bezludnej' wyspie, można na niej znaleźć
wiele gatunków zwierząt jak i kanibali. Pod jej powierzchnią
znajdują się liczne jaskinie.
The Forest
80%
Los Santos, San Fierro, Las Venturas.Grand Theft Auto: San Andreas
65%
Otwarty świat wzorowany na Dzikim Zachodzie.Red Dead Redemption
52%
Nilfgaard, Cintra, Temeria.Wiedźmin 3: Dziki Gon
52%
Miasto wzorowane na MiamiGrand Theft Auto: Vice City
32%
miasto Harran.Dying Light
29%
Na pewnym kontynencie występują miejsca tj. Falkret,
Rzeczna Puszcza, Morthal, Rorikstead.
The Elder Scrolls V: Skyrim
20%
Amerykańskie miasteczko Paradise. Główny bohater wraz
z żoną mieszkają w przyczepie.
Postal 2
9%
Wyspa Banoi, znajdująca się w pobliżu Papui-nowej Gwinei.Dead Island
8%
Bobrowy Las, Wioska Pelikanów, Zimowa wioska, Mroczne
Doki, Wyspa skarbów, Głęboki Ocean, Opuszczone Miasto.
Kangurek Kao: Runda 2
6%
Główne światy: Dziwnowo, Miłowo, Werona.Sims 2
6%
Świat opanowany przez potwory, które ukrywają się w cieniu.
Jest pełen magii i nauki, a także zwierząt i roślin.
Don’t Starve
3%
Kraina Albion, główna wioska Oakenfold.Fable: The Lost Chapters
3%
Cmentarz, Opera, Orientalny Zamek, Lunapark.Painkiller
2%

Rozkład punktacji

Percentyl według liczby udzielonych odpowiedzi

Procent ludzi z każdym wynikiem

Twoja historia wyników

Nie rozwiązałeś tego quizu